| 000 | 04256cam a2200745 i 4500 | ||
|---|---|---|---|
| 001 | 23036180 | ||
| 003 | OSt | ||
| 005 | 20231007122549.0 | ||
| 008 | 230327t20222022nyu e 000 1 eng d | ||
| 010 | _a 2022441858 | ||
| 020 | _a9780571376483 | ||
| 020 |
_a9780063251922 _q(hardcover) |
||
| 020 |
_a0063251922 _q(hardcover) |
||
| 035 | _a(OCoLC)on1346157341 | ||
| 040 |
_aNjBwBT _beng _cOQX _erda _dOQX _dOCO _dGO6 _dIMT _dRNL _dGL4 _dVP@ _dYU6 _dILC _dINR _dCDX _dIBI _dIAD _dGYG _dDEERP _dUAB _dTXSCH _dOCLCF _dMTG _dYDX _dETC _dNZMAP _dY$5 _dSLPLM _dNJB _dUIU _dWC4 _dBDX _dMJ8 _dCNMTR _dFHP _dLMR _dOCLCQ _dAMH _dTMK _dDLC |
||
| 042 | _alccopycat | ||
| 043 | _an-us-va | ||
| 050 | 0 | 0 |
_aPS3561.I496 _bD46 2022 |
| 082 | 0 | 4 |
_a813.54 _bKIN/D |
| 100 | 1 |
_aKingsolver, Barbara _eauthor. _99696 |
|
| 245 | 1 | 0 |
_aDemon Copperhead : _ba novel / _cBarbara Kingsolver. |
| 250 | _aFirst edition. | ||
| 264 | 1 |
_aNew York, NY : _bHarper, an imprint of HarperCollinsPublishers, _c[2022] |
|
| 264 | 4 | _c©2022 | |
| 300 |
_a548 pages ; _c24 cm |
||
| 336 |
_atext _btxt _2rdacontent |
||
| 337 |
_aunmediated _bn _2rdamedia |
||
| 338 |
_avolume _bnc _2rdacarrier |
||
| 500 | _a"Oprah's book club 2022"--Jacket | ||
| 520 | _aThe teenage son of an Appalachian single mother who dies when he is eleven uses his good looks, wit, and instincts to survive foster care, child labor, addiction, disastrous loves, and crushing losses. | ||
| 520 | _aSet in the mountains of southern Appalachia, this is the story of a boy born to a teenaged single mother in a single-wide trailer, with no assets beyond his dead father's good looks and copper-colored hair, a caustic wit, and a fierce talent for survival. In a plot that never pauses for breath, relayed in his own unsparing voice, he braves the modern perils of foster care, child labor, derelict schools, athletic success, addiction, disastrous loves, and crushing losses. Through all of it, he reckons with his own invisibility in a popular culture where even the superheroes have abandoned rural people in favor of cities. Many generations ago, Charles Dickens wrote David Copperfield from his experience as a survivor of institutional poverty and its damages to children in his society. Those problems have yet to be solved in ours. Dickens is not a prerequisite for readers of this novel, but he provided its inspiration. In transposing a Victorian epic novel to the contemporary American South, Barbara Kingsolver enlists Dickens' anger and compassion, and above all, his faith in the transformative powers of a good story. Demon Copperhead speaks for a new generation of lost boys, and all those born into beautiful, cursed places they can't imagine leaving behind. | ||
| 650 | 0 |
_aTeenage boys _vFiction. |
|
| 650 | 0 |
_aOrphans _vFiction. |
|
| 650 | 0 |
_aMothers _xDeath _vFiction. |
|
| 650 | 0 |
_aOpioid abuse _vFiction. |
|
| 650 | 0 |
_aPoverty _zAppalachian Region _vFiction. |
|
| 650 | 7 |
_aFICTION _xComing of Age. _2bisacsh |
|
| 650 | 7 |
_aMothers _xDeath. _2fast _0(OCoLC)fst01026948 |
|
| 650 | 7 |
_aOpioid abuse. _2fast _0(OCoLC)fst01430929 |
|
| 650 | 7 |
_aOrphans. _2fast _0(OCoLC)fst01048433 |
|
| 650 | 7 |
_aPoverty. _2fast _0(OCoLC)fst01074093 |
|
| 650 | 7 |
_aTeenage boys. _2fast _0(OCoLC)fst01145373 |
|
| 650 | 7 |
_aTeenagers _vFiction. _2sears |
|
| 650 | 7 |
_aOrphans _vFiction. _2sears |
|
| 650 | 7 |
_aOpium _vFiction. _2sears |
|
| 651 | 0 |
_aLee County (Va.) _vFiction. |
|
| 651 | 0 |
_aAppalachian Region _vFiction. |
|
| 651 | 7 |
_aAppalachian Region. _2fast _0(OCoLC)fst01240092 |
|
| 651 | 7 |
_aVirginia _zLee County. _2fast _0(OCoLC)fst01217522 |
|
| 655 | 0 | _aBildungsromans. | |
| 655 | 0 | _aHistorical fiction. | |
| 655 | 4 | _aBildungsromans. | |
| 655 | 4 | _aHistorical fiction. | |
| 655 | 7 |
_aBildungsromans. _2fast _0(OCoLC)fst01726536 |
|
| 655 | 7 |
_aFiction. _2fast _0(OCoLC)fst01423787 |
|
| 655 | 7 |
_aHistorical fiction. _2fast _0(OCoLC)fst01726640 |
|
| 655 | 7 |
_aNovels. _2fast _0(OCoLC)fst01921742 |
|
| 655 | 7 |
_aHistorical fiction. _2gsafd |
|
| 655 | 7 |
_aBildungsromans. _2lcgft |
|
| 655 | 7 |
_aHistorical fiction. _2lcgft |
|
| 655 | 7 |
_aNovels. _2lcgft |
|
| 906 |
_a7 _bcbc _ccopycat _d2 _encip _f20 _gy-gencatlg |
||
| 942 |
_2ddc _cBK _h813.54 _iKIN/D _k813.54 _mKIN/D |
||
| 999 |
_c42575 _d42575 |
||